000 00248nam a2200097Ia 4500
008 240625s9999 xx 000 0 und d
041 _aeng
100 _aTHE MICROSOFT OFFICE TEAM
245 _aMICROSOFT SYSTEM 2003 EDTION STEP BY STE
260 _c2004
999 _c33212
_d33212